000 00290nam a22001337a 4500
008 181030b xxu||||| |||| 00| 0 eng d
020 _a9780316924207
041 _aeng
080 _a610
100 _a4
101 _aSHM
245 _aThe Washington Manual
_cWoodley, M
942 _2udc
_cBK
999 _c51104
_d51104